000 00794nam a2200253 a 4500
001 37339
003 BD-RjUL
005 20211209052612.0
008 141201s1993 ii a b 001 0 eng
020 _a8120407458
035 _a(BD-RjUL)37442
040 _aDLC
_cDLC
_dDLC
_dBD-RjUL
_beng
041 _aeng
082 0 0 _a595.774
_220
_bKAI 1993
100 1 _aKapoor, Vijay Chandra,
_d1942-
_9114456
245 1 0 _aIndian fruit flies :
_bInsecta, Diptera, Tephritidae /
_cV.C. Kapoor.
260 _aNew Delhi :
_bOxford & IBH Pub. Co. Pvt.,
_c1993.
300 _aiv, 228 p. :
_bill. ;
_c25 cm.
504 _aIncludes bibliographical references (p. [188]-212) and indexes.
650 0 _aTephritidae
_zIndia.
_9114457
942 _2ddc
_cBK
999 _c37339
_d37339